000 00220nam a22000857a 4500
008 160824b xxu||||| |||| 00| 0 eng d
100 _9245
_aDass H.K
245 _aMathematics-IX
260 _aNew Delhi
_bS.Chand publication
_c2011
999 _c2901
_d2901